000 00687nam a2200217 a 4500
999 _c2941
_d2941
001 2941
003 BD-JhCC
005 20171108172324.0
008 171108s1997 bg a|||| |||| 000 0 ben d
020 _a9844100623
035 _a(BD-JhCC) 2941
040 _aBD-JhCC
_dBD-JhCC
041 _aben
082 _a891.4435
_bALA 1997
245 _aখ্যাতিমানদের মজার কান্ড /
_c রাজু আলাউদ্দিন
260 _aঢাকা :
_bমাওলা ব্রাদার্স,
_c১৯৯৭.
300 _a৫৯ পৃ. :
_bIll. ;
_c২১ সেমি.
650 _aCollection of anecdotes
942 _2ddc
_cBK